[Event "Teusaquillo Rapid op"]
[Site "Teusaquillo"]
[Date "2023.03.05"]
[Round "9"]
[White "Acero Vargas, Cristian Camilo"]
[Black "Rangel, Carlos"]
[Result "0-1"]
[WhiteElo "1747"]
[BlackElo "1964"]
[PlyCount "118"]
[EventDate "2023.03.04"]
[EventType "swiss (rapid)"]
[EventRounds "9"]
[EventCountry "COL"]
[SourceTitle "CBM 213 Extra"]
[Source "ChessBase"]
[SourceDate "2023.05.31"]
[SourceVersion "1"]
[SourceVersionDate "2023.05.31"]
[SourceQuality "1"]

1. d4 d5 2. Bf4 Nf6 3. e3 c5 4. c3 Nc6 5. Nd2 Bf5 6. Ngf3 e6 7. Be2 h6 8. h3 Be7 9. 0-0 0-0 10. Re1 Qb6 11. Qb3 c4 12. Qxb6 axb6 13. a3 b5 14. Rac1 Nd7 15. Bd1 Nb6 16. Bc2 Na4 17. Bxf5 exf5 18. Rb1 Rfe8 19. Ne5 f6 20. Nxc6 bxc6 21. Nf1 Kf7 22. Bh2 Ra7 23. Ng3 g6 24. h4 Bxa3 25. bxa3 Nxc3 26. Rbc1 Rxa3 27. h5 b4 28. hxg6+ Kxg6 29. Ne2 Nxe2+ 30. Rxe2 b3 31. Bd6 Ra4 32. Kf1 Rd8 33. Bc5 Rb8 34. Rb2 Ra2 35. Rbb1 Kf7 36. g3 Ke6 37. Kg2 Kf7 38. Kf3 Rd2 39. Ba3 Ra8 40. Rb2 Rxb2 41. Bxb2 Ra2 42. Rb1 Ke6 43. Bc3 Rc2 44. Bb4 b2 45. Kg2 Kd7 46. Kf3 Kc7 47. Kg2 Kb6 48. Kf3 Kb5 49. Be1 Ka4 50. Kf4 Kb3 51. Kxf5 Re2 52. Kxf6 Rxe1 53. Rxe1 c3 54. Kg6 c2 55. f4 b1Q 56. Rxb1+ cxb1Q+ 57. f5 Qe4 58. Kf6 Qxe3 59. g4 Qxd4+ 0-1

[Event "Teusaquillo Rapid op"]
[Site "Teusaquillo"]
[Date "2023.03.05"]
[Round "8"]
[White "Angulo, Ariolfo"]
[Black "Acero Vargas, Cristian Camilo"]
[Result "0-1"]
[WhiteElo "2005"]
[BlackElo "1747"]
[PlyCount "47"]
[EventDate "2023.03.04"]
[EventType "swiss (rapid)"]
[EventRounds "9"]
[EventCountry "COL"]
[SourceTitle "CBM 213 Extra"]
[Source "ChessBase"]
[SourceDate "2023.05.31"]
[SourceVersion "1"]
[SourceVersionDate "2023.05.31"]
[SourceQuality "1"]

1. e4 e6 2. d4 d5 3. exd5 exd5 4. Nf3 Bg4 5. Be3 Bd6 6. h3 Bh5 7. c4 Nf6 8. Nc3 0-0 9. g4 Bg6 10. g5 Ne4 11. Nxd5 c6 12. Nc3 Qa5 13. Qb3 Re8 14. c5 Bf4 15. 0-0-0 Bxe3+ 16. fxe3 Nf2 17. Bc4 Nxh1 18. Rxh1 b5 19. cxb6 axb6 20. Ne5 Rxe5 21. dxe5 Qxe5 22. Qxb6 Nd7 23. Qd4 Qf5 24. Nb1 0-1

[Event "COL Subzt 2.3.4"]
[Site "Risarald"]
[Date "2021.11.26"]
[Round "7"]
[White "Acero Vargas, Cristian Camilo"]
[Black "Alvarez Angel, Nelson Eduardo"]
[Result "0-1"]
[WhiteElo "1729"]
[BlackElo "2083"]
[PlyCount "100"]
[EventDate "2021.11.23"]
[EventType "swiss"]
[EventRounds "9"]
[EventCountry "COL"]
[SourceTitle "CBM 205 Extra"]
[Source "ChessBase"]
[SourceDate "2022.01.31"]
[SourceVersion "1"]
[SourceVersionDate "2022.01.31"]
[SourceQuality "1"]

1. d4 Nf6 2. Bf4 g6 3. Nc3 d5 4. e3 Bg7 5. h4 0-0 6. h5 c5 7. hxg6 hxg6 8. Qd2 Nc6 9. Nf3 Ne4 10. Nxe4 dxe4 11. Ng5 cxd4 12. exd4 Qxd4 13. Qxd4 Nxd4 14. 0-0-0 Bf5 15. c3 Rac8 16. Be3 Ne6 17. Nh3 Bg4 18. Rd7 Rfd8 19. Bb5 a6 20. Rxd8+ Nxd8 21. Ba4 b5 22. Bc2 Be6 23. Kb1 b4 24. Bd4 Bxd4 25. cxd4 Bxa2+ 26. Kxa2 Rxc2 27. Kb3 Rd2 28. Ra1 Rxd4 29. Rxa6 Ne6 30. Ra8+ Kg7 31. Ka4 Rd2 32. Kb3 Rd4 33. Rc8 Kf6 34. Rc4 Ke5 35. Kxb4 f5 36. Kc3 Rd3+ 37. Kb4 g5 38. Ka4 g4 39. Ng1 Rd1 40. Ne2 Rd2 41. Nc3 Rxb2 42. Nd1 Rd2 43. Rc1 f4 44. Kb4 Kd4 45. Rc4+ Kd3 46. Rc6 Rxd1 47. Rxe6 Rb1+ 48. Kc5 e3 49. fxe3 fxe3 50. Rxe7 e2 0-1

[Event "COL Subzt 2.3.4"]
[Site "Risarald"]
[Date "2021.11.26"]
[Round "6"]
[White "Ayala Delgado, Sergio Alejandro"]
[Black "Acero Vargas, Cristian Camilo"]
[Result "0-1"]
[WhiteElo "1495"]
[BlackElo "1729"]
[PlyCount "39"]
[EventDate "2021.11.23"]
[EventType "swiss"]
[EventRounds "9"]
[EventCountry "COL"]
[SourceTitle "CBM 205 Extra"]
[Source "ChessBase"]
[SourceDate "2022.01.31"]
[SourceVersion "1"]
[SourceVersionDate "2022.01.31"]
[SourceQuality "1"]

1. e4 e6 2. Nf3 d5 3. e5 c5 4. b4 b6 5. bxc5 bxc5 6. c3 Ne7 7. d4 Nf5 8. Bd3 Be7 9. 0-0 0-0 10. g4 Nh4 11. Nxh4 Bxh4 12. f4 Be7 13. g5 g6 14. Rf3 Nc6 15. Be3 Qb6 16. Be2 cxd4 17. Bxd4 Bc5 18. Rd3 Ba6 19. Rd2 Bxe2 20. Qa4 0-1

[Event "Soacha op-B"]
[Site "Soacha"]
[Date "2021.09.10"]
[Round "5"]
[White "Acero Vargas, Cristian Camilo"]
[Black "Ramirez, Francisco Javier"]
[Result "1-0"]
[WhiteElo "1667"]
[BlackElo "1859"]
[PlyCount "73"]
[EventDate "2021.09.08"]
[EventType "swiss"]
[EventRounds "9"]
[EventCountry "COL"]
[SourceTitle "CBM 204 Extra"]
[Source "ChessBase"]
[SourceDate "2021.11.30"]
[SourceVersion "1"]
[SourceVersionDate "2021.11.30"]
[SourceQuality "1"]

1. d4 d5 2. Bf4 c6 3. e3 Qb6 4. Qc1 Bf5 5. c4 Bxb1 6. Rxb1 e6 7. a3 Qa5+ 8. b4 Qd8 9. Nf3 Nd7 10. Bd3 Ngf6 11. h3 a6 12. c5 Be7 13. 0-0 h6 14. Nd2 g5 15. Bg3 h5 16. e4 g4 17. h4 Ng8 18. exd5 exd5 19. Re1 Kf8 20. Bf5 Nb8 21. Nf1 Bxh4 22. Bd6+ Kg7 23. Qf4 Bf6 24. Ng3 Ne7 25. Be5 Ng6 26. Bxg6 fxg6 27. Bxf6+ Qxf6 28. Qc7+ Kh6 29. Qxb7 h4 30. Nf1 h3 31. Qxa8 hxg2 32. Ng3 Nd7 33. Qb7 Rh7 34. Qc8 Kg5 35. Qe8 Qxd4 36. Qe3+ Qxe3 37. Rxe3 1-0

[Event "Bogota Navidad op"]
[Site "Bogota"]
[Date "2019.12.08"]
[Round "6"]
[White "Acero Vargas, Cristian Camilo"]
[Black "Ruiz, Gustavo"]
[Result "1-0"]
[WhiteElo "1672"]
[BlackElo "1812"]
[PlyCount "93"]
[EventDate "2019.12.05"]
[EventType "swiss"]
[EventRounds "7"]
[EventCountry "COL"]
[SourceTitle "CBM 193 Extra"]
[Source "ChessBase"]
[SourceDate "2020.01.31"]
[SourceVersion "1"]
[SourceVersionDate "2020.01.31"]
[SourceQuality "1"]

1. d4 e5 2. dxe5 Nc6 3. Nf3 Qe7 4. Nc3 Nxe5 5. e4 c6 6. Be2 Nf6 7. 0-0 d6 8. Bg5 h6 9. Bh4 g5 10. Bg3 g4 11. Nxe5 dxe5 12. f4 exf4 13. Bxf4 h5 14. Bg5 Qc5+ 15. Kh1 Qxg5 16. e5 Qxe5 17. Bc4 Be6 18. Qd2 Bd6 19. g3 0-0-0 20. Rae1 Bc7 21. Qf2 Qd4 22. Qxd4 Rxd4 23. Bxe6+ fxe6 24. Rxf6 h4 25. Kg2 hxg3 26. hxg3 e5 27. Rg6 Rhd8 28. Re2 Rd2 29. Kf2 Rf8+ 30. Ke1 Rd4 31. Ne4 Rfd8 32. Rxg4 Rd1+ 33. Kf2 Bb6+ 34. Kg2 Rg1+ 35. Kh2 Rdd1 36. Rg8+ Kc7 37. Kh3 Rge1 38. Rg7+ Kd8 39. Rxe1 Rxe1 40. Nd6 Bc7 41. Nxb7+ Kc8 42. Nc5 e4 43. Rg8+ Bd8 44. Ne6 Rd1 45. Rxd8+ Rxd8 46. Nxd8 Kxd8 47. Kg4 1-0

[Event "COL-ch U1700"]
[Site "Pereira"]
[Date "2019.03.25"]
[Round "9"]
[White "Acero Vargas, Cristian Camilo"]
[Black "Orozco Giraldo, Jhon Edison"]
[Result "0-1"]
[WhiteElo "1547"]
[BlackElo "1600"]
[PlyCount "92"]
[EventDate "2019.03.21"]
[EventType "swiss"]
[EventRounds "9"]
[EventCountry "COL"]
[SourceTitle "CBM 189 Extra"]
[Source "ChessBase"]
[SourceDate "2019.06.03"]
[SourceVersion "1"]
[SourceVersionDate "2019.06.03"]
[SourceQuality "1"]

1. e4 c5 2. Nc3 g6 3. f4 Bg7 4. Nf3 d6 5. Bb5+ Nc6 6. 0-0 a6 7. Bxc6+ bxc6 8. d3 d5 9. e5 Bg4 10. h3 Bxf3 11. Qxf3 e6 12. Bd2 Qb6 13. Na4 Qb5 14. b3 Ne7 15. Kh1 Rc8 16. Rae1 Nf5 17. Qf2 d4 18. g4 Ne7 19. f5 exf5 20. e6 0-0 21. gxf5 Nxf5 22. e7 Rfe8 23. h4 Bf6 24. Bg5 Bxg5 25. hxg5 Rc7 26. Re5 Rcxe7 27. Rxf5 gxf5 28. Qxf5 Qb8 29. Nxc5 Qe5 30. Qxe5 Rxe5 31. Nd7 Re1 32. Nf6+ Kh8 33. Kg2 R8e2+ 34. Kf3 Re3+ 35. Kf2 R1e2+ 36. Kg1 Rg3+ 37. Kh1 Rgg2 38. Rf5 Rgf2 39. Rxf2 Rxf2 40. Ng4 Rxc2 41. Ne5 Kg7 42. a3 Rc3 43. b4 f6 44. gxf6+ Kxf6 45. Nd7+ Ke6 46. Nc5+ Rxc5 0-1

[Event "COL-ch U1700"]
[Site "Pereira"]
[Date "2019.03.24"]
[Round "6"]
[White "Vanegas, Carlos Arturo"]
[Black "Acero Vargas, Cristian Camilo"]
[Result "1-0"]
[WhiteElo "1692"]
[BlackElo "1547"]
[PlyCount "109"]
[EventDate "2019.03.21"]
[EventType "swiss"]
[EventRounds "9"]
[EventCountry "COL"]
[SourceTitle "CBM 189 Extra"]
[Source "ChessBase"]
[SourceDate "2019.06.03"]
[SourceVersion "1"]
[SourceVersionDate "2019.06.03"]
[SourceQuality "1"]

1. e4 c5 2. f4 d6 3. c3 Nf6 4. Bd3 e5 5. Bb5+ Nc6 6. d3 Be7 7. Nf3 Qc7 8. Bxc6+ bxc6 9. fxe5 dxe5 10. c4 0-0 11. b3 Nd7 12. g4 Rd8 13. Qe2 Nf8 14. h3 Ne6 15. 0-0 Nd4 16. Nxd4 exd4 17. Bf4 Qd7 18. Rf3 Bh4 19. Nd2 Qe7 20. Qh2 a5 21. a4 Ra7 22. Raf1 Be6 23. Bg3 Rb7 24. Bxh4 Qxh4 25. Qe5 Qe7 26. Rb1 Qd6 27. Qxd6 Rxd6 28. e5 Rd8 29. Ne4 Re7 30. Nxc5 Bc8 31. Re1 Rde8 32. Rf4 Rxe5 33. Rxe5 Rxe5 34. Rxd4 Re8 35. Kf2 f5 36. g5 Kf7 37. Rd6 f4 38. h4 Re3 39. Rxc6 Bg4 40. Rd6 Re2+ 41. Kg1 Rb2 42. Rd4 Rb1+ 43. Kf2 Rb2+ 44. Ke1 Rb1+ 45. Kd2 Rf1 46. Ne4 Kg6 47. c5 Kh5 48. c6 Rd1+ 49. Kc2 Re1 50. c7 Re2+ 51. Kc3 Re1 52. Rc4 Rc1+ 53. Kd4 Rxc4+ 54. bxc4 f3 55. Ke5 1-0

[Event "COL-ch U1700"]
[Site "Pereira"]
[Date "2019.03.23"]
[Round "4"]
[White "Arias, Oscar Eduardo"]
[Black "Acero Vargas, Cristian Camilo"]
[Result "0-1"]
[WhiteElo "1670"]
[BlackElo "1547"]
[PlyCount "80"]
[EventDate "2019.03.21"]
[EventType "swiss"]
[EventRounds "9"]
[EventCountry "COL"]
[SourceTitle "CBM 189 Extra"]
[Source "ChessBase"]
[SourceDate "2019.06.03"]
[SourceVersion "1"]
[SourceVersionDate "2019.06.03"]
[SourceQuality "1"]

1. e4 c6 2. d4 d5 3. Nd2 dxe4 4. Nxe4 Bf5 5. Ng3 Bg6 6. Nf3 Nd7 7. Bd3 e6 8. 0-0 Ngf6 9. Re1 Be7 10. c4 0-0 11. h3 Qc7 12. Ne5 Nxe5 13. dxe5 Nd7 14. Bxg6 hxg6 15. Qd4 Rfd8 16. Qc3 Nc5 17. Be3 Rd3 18. Qc2 Rad8 19. b4 Na6 20. a3 b6 21. Nf1 c5 22. b5 Nb8 23. Bc1 R8d7 24. Bb2 Bg5 25. Rad1 Qd8 26. Rxd3 Rxd3 27. a4 Qd7 28. Qe2 Rb3 29. g3 Qd3 30. f4 Be7 31. Kf2 Qf5 32. Bc1 g5 33. Rd1 gxf4 34. Bxf4 g5 35. Ne3 Qxh3 36. Qc2 Rxe3 37. Kxe3 gxf4+ 38. Kxf4 Qh5 39. g4 Bg5+ 40. Kf3 Qh3+ 0-1

[Event "COL-ch"]
[Site "Bogota"]
[Date "2018.11.12"]
[Round "9"]
[White "Acero Vargas, Cristian Camilo"]
[Black "Vanegas, Ricardo"]
[Result "0-1"]
[WhiteElo "1571"]
[BlackElo "1834"]
[PlyCount "84"]
[EventDate "2018.11.06"]
[EventType "swiss"]
[EventRounds "9"]
[EventCountry "COL"]
[SourceTitle "CBM 187 Extra"]
[Source "ChessBase"]
[SourceDate "2018.11.04"]
[SourceVersion "1"]
[SourceVersionDate "2018.11.04"]
[SourceQuality "1"]

1. Nf3 c5 2. c4 e6 3. g3 Nf6 4. Bg2 Be7 5. d4 cxd4 6. Nxd4 0-0 7. Nc3 Nc6 8. 0-0 a6 9. e4 Nxd4 10. Qxd4 d6 11. b3 Qc7 12. Bb2 b6 13. Rfe1 Bb7 14. Rac1 Rfd8 15. Na4 Rab8 16. Nxb6 Bxe4 17. Bxe4 Rxb6 18. Bb1 Qc5 19. Qxc5 dxc5 20. Be5 Ne8 21. Rcd1 Bd6 22. Bc3 Rbb8 23. Be4 Bc7 24. Bd2 a5 25. Bc6 Rd6 26. Bxe8 Rxe8 27. Bf4 Rxd1 28. Rxd1 Bxf4 29. gxf4 g6 30. Rd7 a4 31. Rb7 axb3 32. axb3 Ra8 33. Rb5 Rc8 34. Kf1 Kg7 35. Ke2 Kf6 36. Ke3 e5 37. fxe5+ Kxe5 38. Rb7 f5 39. Rxh7 Rb8 40. Re7+ Kf6 41. Rc7 Rxb3+ 42. Kf4 g5# 0-1

[Event "COL-ch"]
[Site "Bogota"]
[Date "2018.11.06"]
[Round "1"]
[White "Buitrago, Juan Carlos"]
[Black "Acero Vargas, Cristian Camilo"]
[Result "1-0"]
[WhiteElo "2020"]
[BlackElo "1571"]
[PlyCount "89"]
[EventDate "2018.11.06"]
[EventType "swiss"]
[EventRounds "9"]
[EventCountry "COL"]
[SourceTitle "CBM 187 Extra"]
[Source "ChessBase"]
[SourceDate "2018.11.04"]
[SourceVersion "1"]
[SourceVersionDate "2018.11.04"]
[SourceQuality "1"]

1. d4 d5 2. c4 c6 3. Nc3 Nf6 4. e3 e6 5. Nf3 Be7 6. Bd3 0-0 7. 0-0 dxc4 8. Bxc4 b5 9. Bd3 Bb7 10. Qc2 Nbd7 11. Rd1 a6 12. Ne5 Qc7 13. Nxd7 Qxd7 14. Ne4 Nxe4 15. Bxe4 g6 16. Bd2 a5 17. a3 a4 18. Bb4 Rac8 19. Bxe7 Qxe7 20. Qc5 Qxc5 21. dxc5 Rfd8 22. Kf1 f5 23. Bf3 e5 24. Rxd8+ Rxd8 25. Rd1 Rxd1+ 26. Bxd1 Kf7 27. e4 Bc8 28. Bc2 Be6 29. Ke2 Bc4+ 30. Kd2 Ke6 31. exf5+ gxf5 32. g4 fxg4 33. Bxh7 Bf1 34. Be4 Kd7 35. Bf5+ Kc7 36. Bxg4 Bc4 37. Ke3 b4 38. h4 bxa3 39. bxa3 Bg8 40. h5 Bh7 41. Bd1 Kd7 42. Bxa4 Bf5 43. Bd1 Ke6 44. Bf3 Kd7 45. Be4 1-0